|
|
|
|
| LEADER |
01045nam a2200253 a 4500 |
| 001 |
00025150 |
| 008 |
120519s2010 enka 000 1 eng |
| 020 |
|
|
|a 9780194248945
|
| 020 |
|
|
|a 9780194248464 (book and multiROM pack)
|
| 040 |
|
|
|a BD-DhAAL
|c BD-DhAAL
|
| 082 |
0 |
0 |
|a 428.6
|2 22
|
| 100 |
1 |
|
|a Prentice, Nina.
|
| 245 |
1 |
0 |
|a Saladin /
|c Nina Prentice ; illustrated by Jamel Akib.
|
| 260 |
|
|
|a Oxford ;
|a New York :
|b Oxford University Press,
|c c2010
|
| 300 |
|
|
|a 67 p. :
|b col. ill. ;
|c 21 cm.
|
| 490 |
1 |
|
|a Dominoes. Level two
|
| 541 |
|
|
|e 00025150
|
| 600 |
0 |
0 |
|a Saladin,
|c Sultan of Egypt and Syria,
|d 1137-1193
|v Fiction.
|
| 650 |
0 |
|
|a Crusades
|v Fiction.
|
| 650 |
0 |
|
|a Readers for new literates.
|
| 700 |
1 |
|
|a Akib, Jamel.
|
| 852 |
1 |
|
|a Ayesha Abed Library
|c General shelf.
|
| 999 |
|
|
|c 12243
|d 12243
|
| 952 |
|
|
|0 0
|1 0
|2 ddc
|4 0
|6 428_600000000000000_PRE
|7 0
|9 20272
|a BRACUL
|b BRACUL
|c GEN
|d 2012-05-23
|e Karim International
|g 651.00
|l 5
|m 14
|o 428.6 PRE
|p 3010025150
|q 2026-05-20
|r 2026-04-19
|s 2026-04-19
|t 1
|w 2012-05-23
|y BK
|x Transferred from BIL to BRACUL on 06/06/22
|